Landen zonder Kustlijn - Sudden Death - Statistieken

Algemene statistieken
  • Deze quiz is 7.533 keer genomen
  • De gemiddelde score is 9 van 23
Answers on the Grid
Answers color-coded by a green-red scale on the quiz's grid according to % correct below.
Afghanistan
Belarus
Bhutan
Bolivia
Botswana
Bulgarije
Eritrea
Ethiopië
Gambia
Georgië
Hongarije
Irak
Jordanië
Laos
Letland
Luxemburg
Mali
Moldavië
Monaco
Mongolië
Montenegro
Namibië
Nepal
Niger
Oeganda
Paraguay
San Marino
Servië
Slovenië
Slowakije
Tsjechië
Uruguay
Zambia
Zuid-Soedan
Zwitserland
 
Antwoordstatistieken
Antwoord % Correct
Afghanistan
62%
Belarus
61%
Bolivia
57%
Bhutan
55%
Botswana
52%
Hongarije
48%
Luxemburg
47%
Tsjechië
40%
Zwitserland
38%
Mongolië
34%
Ethiopië
33%
Nepal
33%
San Marino
32%
Slowakije
32%
Paraguay
31%
Niger
30%
Mali
29%
Servië
29%
Zuid-Soedan
29%
Moldavië
26%
Laos
25%
Oeganda
24%
Zambia
22%
Geen overeenkomende quizzen gevonden
Scoreverdeling
Procent van Mensen met Elke Score
Percentiel versus Aantal Correcte Antwoorden
Uw Scoregeschiedenis
U heeft deze quiz nog niet genomen